000 01050nam a2200313 i 4500
003 EG-GICUC
005 20260212212741.0
008 260212s1995 be ||||fr ||| 00| 0 fre d
017 _a1995/0023/2
020 _a2802709674
040 _aEG-GICUC
_cEG-GICUC
_dEG-GICUC
_erda
_bfre
082 0 4 _221
_a341.48
_bLA . P
092 0 4 _221
099 _aLaw1 11 341.48 LA . P 1995
100 1 _aLamarche,Lucie
_eAuteur
245 _aPerspectives Occidentales Du Droit International Des Droits Économiques DeLa Personne /
_cLucie Lamarche .
264 0 _aBruxelles :
_bEditions Bruylant ; Editions De L’Université De Bruxelles ,
_c1995 .
300 _a513 Pages;
_c30 cm.
336 _atext
_2rda content
337 _aComputer
_2rda media
338 _aOnline Resource
_2rda carrier
546 _aTexte en français
650 0 4 _aDroit International Public
650 0 4 _aDroits De L'Homme
700 1 _aAlston,Philip
_ePréfacier
856 _uhttps://fll.law.cu.edu.eg/fulltext/th/B11-07396.pdf
905 _a59
942 _2ddc
_cBK
_e21
_n0
999 _c62994
_d62994